000 00191nam a2200085Ia 4500
008 170617s9999 xx 000 0 und d
100 _aMohamad Ali
245 0 _aText Book of Pharmacognosy
260 _bCBS
260 _c2008
999 _c15174
_d15174